Coupe du Monde de Ski 2024-2025 : Classement des marques constructeurs - Statistiques

Statistiques générales
  • Ce quiz a été pris 27 fois
  • Le résultat moyen est 8 sur 12
Statistiques - réponses
Classement Points Marque % Correct
2 6 385 Rossignol
100%
3 4 420 Atomic
91%
8 625 Dynastar
91%
1 7 900 Head
87%
7 975 Salomon
78%
6 1 315 Fischer
74%
10 395 Blizzard
57%
4 2 360 Stöckli
57%
5 1 635 Van Deer
52%
12 100 Völkl
43%
9 455 Nordica
39%
11 140 Kästle
26%
Aucun quiz correspondant
Distribution des résultats
% des personnes avec chaque résultat
Percentile par nombre de réponses
Votre historique - résultats
Vous n’avez pas pris ce quiz